Normal view
MARC view
- SOFTWARE PROJECT MANAGEMENT; COMPUTER SOFTWARE-PROJECT-MANAGEMENT
Entry Topical Term
001 - CONTROL NUMBER
- control field: 60738
003 - CONTROL NUMBER IDENTIFIER
- control field: NUST
005 - DATE AND TIME OF LATEST TRANSACTION
- control field: 20210628202619.0
008 - FIXED-LENGTH DATA ELEMENTS
- fixed length control field: 210628|| aca||aabn | a|a d
040 ## - CATALOGING SOURCE
- Original cataloging agency: NUST
- Transcribing agency: NUST
150 ## - HEADING--TOPICAL TERM
- Topical term or geographic name entry element: SOFTWARE PROJECT MANAGEMENT; COMPUTER SOFTWARE-PROJECT-MANAGEMENT
670 ## - SOURCE DATA FOUND
- Source citation: Work cat.: (NUST): Lewin, Marsha D 60737, Better software project management a primer for success, 2002
